00556nam a2200181Ia 450000500170000000800410001702000180005804000180007604100080009408200210010210000220012324500490014525000120019426000720020630000300027865000320030865000340034020230920145211.0210716s2015 xx 000 0 und d a9789352136995 cAIMIT LIBRARY aeng a005.13 22bGRIM aGrinberg, Miguel. aFlask web development /cBy Miguel Grinberg. a2nd ed. aNew Delhi :bShroff Publications and Distributers Pvt Ltd ,c2018. axviii,291p. ;bPBc22 cm. aBasic application structure aA Social blogging application